| 000 | 00873nam a2200217Ia 4500 | ||
|---|---|---|---|
| 003 | OSt | ||
| 005 | 20241119142236.0 | ||
| 007 | ca aa aaaaa | ||
| 008 | 201103s9999 xx 000 0 und d | ||
| 040 | _cSSBUL | ||
| 041 | _abur | ||
| 082 |
_223 _a၂၉၄.၃၆၃ ဇ _b၉၀၈၇ S-SAT |
||
| 100 | 0 | _aဇနကာဘိဝံသ၊ အရှင်။ | |
| 245 | 1 | 0 |
_aဗုဒ္ဓဝင်အမေးအဖြေ / _cအရှင်ဇနကာဘိဝံသ။ |
| 260 |
_aအမရပူရ ၊ _bနယူးဘားမားပိဋကပုံနှိပ်တိုက်၊ _c၁၉၅၉။ |
||
| 300 |
_aင၊ ၁၄၅ စာမျက်နှာ ၊ _c၁၉ စင်တီ။ |
||
| 500 | _aS-SAT: Dr. Sai Aung Tun | ||
| 650 | _aဗုဒ္ဓဝင် | ||
| 650 |
_aဗုဒ္ဓဘာသာ _xအမေးအဖြေ |
||
| 942 |
_2ddc _cBK1 |
||
| 999 |
_c16658 _d16658 |
||